000 00256cam a2200121ua 4500
003 OSt
008 231113b |||||||| |||| 00| 0 eng d
041 _amal
082 _a894.812301
_bKIS/BA
245 _aBadampazhanghal /
300 _a68 ; .
942 _cBK
999 _c12355
_d12355